Koniec hotovosti? Švédi jej predpovedajú smrť

Vo Švédsku chcú do roku 2021 platiť výlučne platobnými kartami alebo prostredníctvom smartfónov. Výhody a riziká bezhotovostných platieb. Diskusie a argumenty. Reakcie analytikov švédskej centrálnej banky Riksbanken.

Salvato in:
Dettagli Bibliografici
Autore principale: Bobáň, Václav
Natura: Capitolo di libro
Lingua:slovacco
Soggetti:
Tags: Aggiungi Tag
Nessun Tag, puoi essere il primo ad aggiungerne!!

MARC

LEADER 00000naa a2200000 4500
001 0223153
005 20230912114901.2
041 0 |a slo 
044 |a SK 
245 1 0 |a Koniec hotovosti? Švédi jej predpovedajú smrť  |c Václav Bobáň 
520 |a Vo Švédsku chcú do roku 2021 platiť výlučne platobnými kartami alebo prostredníctvom smartfónov. Výhody a riziká bezhotovostných platieb. Diskusie a argumenty. Reakcie analytikov švédskej centrálnej banky Riksbanken. 
610 2 0 |a platby bezhotovostné 
610 2 0 |a bankovníctvo elektronické 
610 2 0 |a bankovníctvo mobilné 
610 2 0 |a platby elektronické 
610 2 0 |a styk platobný bezhotovostný 
610 2 0 |a zúčtovanie bezhotovostné 
610 2 0 |a služby bankové 
610 2 0 |a Švédsko 
100 1 |a Bobáň, Václav